Els arbres del jardí de la Maternitat / Montserrat Forns i Santacana, Ma del Carmen Paniagua Mariño, [amb la col·laboració de: Ramon Farrando i Boix] Ramon Farrando i Boix]
Descripción Física:
72 p. : il. col., fot., 1 plànol ; 30 cm
MARC
| LEADER | 00000nam a2200000Ia 4500 | ||
|---|---|---|---|
| 001 | 16792 | ||
| 008 | 160829s2003 xx 000 0 cat d | ||
| 080 | |a C-2-366 | ||
| 100 | |a Forns i Santacana, Montserrat |9 25355 | ||
| 245 | |a Els arbres del jardí de la Maternitat / Montserrat Forns i Santacana, Ma del Carmen Paniagua Mariño, [amb la col·laboració de: |b Ramon Farrando i Boix] | ||
| 260 | |a Barcelona : |b [s.n.], |c 2003 | ||
| 300 | |a 72 p. : |b il. col., fot., 1 plànol ; |c 30 cm | ||
| 590 | |a Glossari. | ||
| 590 | |a Bibliografia. | ||
| 590 | |a Hi ha un duplicat a : DUP-210 | ||
| 650 | |a Arbres |x Recinte de la Maternitat (Barcelona) |x Guies |9 25356 | ||
| 650 | |a Arbres |x Les Corts (Barri : Barcelona) |x Guies |9 25357 | ||
| 650 | |a Arbres en les ciutats |9 24790 | ||
| 700 | |a Paniagua Mariño, Ma del Carmen |9 25358 | ||
| 700 | |a Farrando i Boix, Ramon |9 25359 | ||
| 901 | |a Arxiu | ||
| 942 | |n 1 | ||
| 952 | |0 0 |1 0 |4 0 |6 C2366 |7 1 |9 43577 |a Arxiu |b Arxiu |d 2016-12-01 |l 0 |o C-2-366 |p 16792 |r 2016-12-01 00:00:00 |w 2016-12-01 |y ARXIU | ||
| 999 | |c 46124 |d 46124 | ||